Bethlen Miklós Imádságoskönyvének puritánus sajátosságai

Elmentve itt :
Bibliográfiai részletek
Szerző: TÓTH Zsombor
Adatforrás:Meister
Forrásdokumentuma:Erdélyi Múzeum. -
3-4 sz., 1999, 210-214 p.
Nyelv:magyar
Kulcsszavak:teológia
vallástörténet
puritanizmus (magyar)
magyar puritanizmus
kegyesség
penitencia
kálvinizmus
predesztináció
unio mystica
vallás
BETHLEN Miklós
ZOVÁNYI Jenő
BERG Pál
MAKKAI László
TSEPREGI TURKOVITZ Mihály
CSÚZI CSEH Jakab
KERESZTÚRI BÍRÓ Pál
CALVIN Jean
PERKINSIUS G.
LEADER 00934nab a2200337 i 4500
001 bibPRO00008086
008 060524s1999 xx hun
040 |a Sz1 
041 |a hun 
100 1 |a TÓTH Zsombor 
245 1 0 |a Bethlen Miklós Imádságoskönyvének puritánus sajátosságai  |c TÓTH Zsombor 
695 |a teológia 
695 |a vallástörténet 
695 |a puritanizmus (magyar) 
695 |a magyar puritanizmus 
695 |a kegyesség 
695 |a penitencia 
695 |a kálvinizmus 
695 |a predesztináció 
695 |a unio mystica 
695 |a vallás 
695 |a BETHLEN Miklós 
695 |a ZOVÁNYI Jenő 
695 |a BERG Pál 
695 |a MAKKAI László 
695 |a TSEPREGI TURKOVITZ Mihály 
695 |a CSÚZI CSEH Jakab 
695 |a KERESZTÚRI BÍRÓ Pál 
695 |a CALVIN Jean 
695 |a PERKINSIUS G. 
773 0 |t Erdélyi Múzeum. -  |g 3-4 sz., 1999, 210-214 p.